Statistics for Контурите на държавите в Африка

Click here to take the quiz!

General Stats

  • This quiz has been taken 15 times
  • The average score is 21 of 54

Answer Stats

Answer% Correct
ЮАР
90%
Сомалия
80%
Мароко
70%
Сенегал
70%
Египет
60%
Гамбия
60%
Мавритания
60%
Мали
60%
Еритрея
50%
Мадагаскар
50%
Кабо Верде
50%
ДР Конго
50%
Камерун
50%
Намибия
50%
Мозамбик
50%
Мавриций
50%
Сейшели
50%
Кот д'Ивоар
50%
Бенин
40%
Ангола
40%
Либерия
40%
Того
40%
Конго
40%
Замбия
40%
Малави
40%
Гвинея
40%
Комори
40%
Либия
40%
Габон
40%
ЦАР
40%
Южен Судан
30%
Чад
30%
Гвинея Бисау
30%
Джибути
30%
Судан
30%
Сао Томе и Принсипи
30%
Алжир
30%
Тунис
30%
Буркина Фасо
30%
Екваториална Гвинея
30%
Гана
30%
Бурунди
30%
Уганда
20%
Етиопия
20%
Танзания
20%
Нигерия
20%
Зимбабве
10%
Кения
10%
Сиера Леоне
10%
Нигер
10%
Ботсвана
10%
Лесото
10%
Есватини
10%
Руанда
10%

Score Distribution

Percentile by Number Answered

Percent of People with Each Score

Your Score History

You have not taken this quiz